Comme in: full-scale modelling
Saved in:
| Hovedforfatter: | |
|---|---|
| Institution som forfatter: | |
| Format: | Bog |
| Sprog: | engelsk |
| Udgivet: |
Bergen
Fagbokforlaget
1995
|
| Fag: | |
| Tags: |
Tilføj Tag
Ingen Tags, Vær først til at tagge denne postø!
|
MARC
| LEADER | 00000nam a2200000 a 4500 | ||
|---|---|---|---|
| 001 | UCK4154 | ||
| 003 | CL-VaPUC | ||
| 008 | 050520e19950000NO |||||||||||||||||eng|d | ||
| 020 | |a 8276740995 | ||
| 082 | 0 | 4 | |a 729.2 |b ARV |2 21 |
| 100 | 0 | |a Arversen, Liv |e author |9 492579 | |
| 110 | 2 | |a University of Trondheim |e author |9 492580 | |
| 245 | 1 | 0 | |a Comme in: full-scale modelling |
| 300 | |a 90 p | ||
| 942 | |c BK | ||
| 945 | |d 20050520 00:00:00 |a jcarroza | ||
| 260 | |a Bergen |b Fagbokforlaget |c 1995 | ||
| 650 | 0 | |a Diseño de interiores |9 468938 | |
| 650 | 0 | |a Diseño arquitectónico |9 265271 | |
| 650 | 7 | |a DISEÑO DE ESPACIOS |2 CL-VaPUC |9 468937 | |
| 651 | 7 | |a NORUEGA |2 CL-VaPUC |9 268907 | |
| 583 | |a last modification |c 20050520 00:00:00 |k Rodrigo Vera | ||
| 999 | |c 313108 |d 313106 | ||
| 952 | |0 0 |1 0 |4 0 |6 729_200000000000000_ARV_1995 |7 0 |8 A |9 384198 |a BIBARQ |b BIBARQ |d 2019-11-22 |i 4125010 |o 729.2 ARV 1995 |p 4125010 |r 2025-01-20 |w 2019-11-22 |y BK |k ARQ | ||